| 000 | 00406nam a2200169Ia 4500 | ||
|---|---|---|---|
| 001 | 25597 | ||
| 003 | IN-NITTTR | ||
| 005 | 20251114233324.0 | ||
| 008 | 251113s9999||||xx |||||||||||||| ||eng|| | ||
| 040 | _beng | ||
| 040 | _cIN-NITTTR | ||
| 041 | _aeng | ||
| 082 | _a491.43321 O1 | ||
| 245 | 4 |
_aThe Oxford Hindi-English dictionary. / _cMcGregor, R. S., ed. |
|
| 700 | _aMcGregor, R. S. | ||
| 942 |
_2ddc _cBK |
||
| 999 |
_c28226 _d28226 |
||